000 00587nam a2200193Ia 4500
003 GCL
008 140319s9999 xx 000 0 ara d
040 _aGCL /
_cGCL
082 0 4 _aط
_b813.088
_bن ق
100 1 _aنبيل قدوح
245 1 0 _aمن المسجد الحرام الى المسجد الاقصى /
_cنبيل قدوح
260 _a[S.N] :
_bدار الجيل ،
_c1992
300 _a16
490 _aسلسلة قصص اسلامية للفتيان
_v0
650 0 4 _aالاطفال
650 0 4 _aالقصص
650 0 4 _aالقصص الدينية
942 _2ddc
_cBK
999 _c57306
_d57306